Normal view
MARC view
- DATA BOOK-ADVANCED LINEAR
Entry Topical Term
001 - CONTROL NUMBER
- control field: 79655
003 - CONTROL NUMBER IDENTIFIER
- control field: NUST
005 - DATE AND TIME OF LATEST TRANSACTION
- control field: 20210628210513.0
008 - FIXED-LENGTH DATA ELEMENTS
- fixed length control field: 210628|| aca||aabn | a|a d
040 ## - CATALOGING SOURCE
- Original cataloging agency: NUST
- Transcribing agency: NUST
150 ## - HEADING--TOPICAL TERM
- Topical term or geographic name entry element: DATA BOOK-ADVANCED LINEAR
670 ## - SOURCE DATA FOUND
- Source citation: Work cat.: (NUST): Texas Instruments 62936, Advanced linear new product specification, 1991
